Giant Rooks Lyrics - Statistics

General Stats
  • This quiz has been taken 104 times
  • The average score is 9 of 16
Answer Stats
Question Answer % Correct
"Why the hell are we here together?" (VSYWS) I don't know
87%
"Since the world is full of roles that we play" (Bright Lies) And as long as we do there's no time to regret
80%
"Cause wherever we go" (100mg) There's a place that we already know
80%
"Taking a step back in time" (Misinterpretations) Throwing up thoughts I thought were mine
80%
"Time is a gift praying for the ....(?)...." (Wild Stare) fog to lift
67%
"You'd ask me not to drown deep" (M&K) I'm feeling just too close to you
67%
"This life's like an escape room" (King Thinking) Five ghosts are in the same room
60%
"And dolphins come ...(?)..." (Slow) they take your hope
60%
"I begged you as we walked the brown meadows" (Chapels) All colours were much more intense 'cause it'd rained before
53%
"Sounds of violins" (Into Your Arms) Announcing the spring
53%
"I'll build a wall a thousand feet high" (Watershed) Around my bed to keep the bloom
53%
"A blue shadow's approaching" (All We Are) As we're observing the night
53%
"Woke up next to you" (WIKIAQ) I'll name it to tame it
53%
"I wanna break the silence" (Silence) But it is so beautiful
40%
"Around my solar system" (Heat Up) It feels so true
33%
"Once again at the eastern shore" (Småland) You shouldn't come around furthermore
13%
No matching quizzes found
Score Distribution
Percent of People with Each Score
Percentile by Number Answered
Your Score History
You have not taken this quiz